Statistics for JetPunk Country Type-ins: Find All 186!

Click here to take the quiz!

General Stats

  • This quiz has been taken 49 times
    (41 since last reset)
  • The average score is 20 of 186

Answer Stats

ANSWER % Correct
usa
76%
uk
73%
andora
65%
bosnia
62%
uae
59%
brasil
59%
car
54%
saotome
54%
myanmar
51%
stkitts
51%
stlucia
51%
stvincent
49%
trinidad
49%
vatican
43%
prc
43%
america
43%
caboverde
41%
timorleste
41%
greatbritain
38%
columbia
38%
butan
35%
holland
35%
saintkitts
30%
gana
30%
britain
30%
afganistan
27%
holysee
27%
barain
24%
isreal
24%
saintvincent
24%
thebahamas
24%
thegambia
22%
nuaru
19%
belguim
19%
granada
19%
fyrom
19%
djibuti
14%
thesolomonislands
14%
ruanda
14%
themaldives
14%
brunai
14%
themarshallislands
14%
jamiaca
14%
monoco
11%
moneco
11%
southernsudan
11%
tunesia
11%
algerea
11%
thenetherlands
11%
theuk
11%
solamonislands
8%
monico
8%
jorden
8%
gahna
8%
theunitedstates
8%
giunea
8%
singepore
8%
domineca
8%
solomanislands
8%
newzeeland
8%
camaroon
8%
hungery
5%
venizuela
5%
theusa
5%
thevatican
5%
kirebati
5%
manaco
5%
somoa
5%
pakestan
5%
solimonislands
5%
montinegro
5%
solamanislands
5%
theunitedkingdom
5%
theukraine
5%
senagal
5%
lebenon
5%
manoco
5%
buhtan
5%
guatimala
5%
berundi
5%
bharain
5%
bangledesh
5%
afghanastan
5%
guatamala
5%
grinada
5%
ecaudor
5%
argintina
5%
thesolimonislands
3%
thesolomenislands
3%
thesolomanislands
3%
thesolimenislands
3%
thesolimanislands
3%
thesolemanislands
3%
solimenislands
3%
solimanislands
3%
solemonislands
3%
solomenislands
3%
thesolamanislands
3%
somolia
3%
thesolamonislands
3%
thesolamenislands
3%
thesolemenislands
3%
birundi
3%
turkmenestan
3%
turkmenastan
3%
austrailia
3%
argantina
3%
unitedarabemerates
3%
venezeula
3%
afghanestan
3%
tiawan
3%
theunitedarabemirates
3%
surename
3%
camiroon
3%
solemenislands
3%
bhuhtan
3%
barundi
3%
belerus
3%
djabouti
3%
thesolemonislands
3%
pakastan
3%
equatorealguinea
3%
equetorialguinea
3%
lebinon
3%
equitorialguinea
3%
kirabati
3%
niceragua
3%
losotho
3%
niciragua
3%
solemanislands
3%
elsalvedor
3%
maneco
3%
manico
3%
solamenislands
3%
djibuoti
3%
lasotho
3%
singopore
3%
dominaca
3%
dominacanrepublic
3%
singipore
3%
senigal
3%
austrailea
0%
trinedad
0%
australea
0%
bhahrain
0%
banglidesh
0%
trinadad
0%
unitedarabemarates
0%
venazuela
0%
venazeula
0%
ghahna
0%
venizeula
0%
afgenistan
0%
gayana
0%
gautimala
0%
tuvulu
0%
gautemala
0%
afginistan
0%
theunitedarabemerates
0%
gautamala
0%
montanegro
0%
djabuoti
0%
djabuti
0%
equatorialgiunea
0%
camoroon
0%
equetorealgiunea
0%
equatorealgiunea
0%
elsalvidor
0%
djebuti
0%
djebuoti
0%
djebouti
0%
dominecanrepublic
0%
suraname
0%
equetorealguinea
0%
equitorealgiunea
0%
theholysee
0%
belirus
0%
equitorealguinea
0%
equitorialgiunea
0%
thedominicanrepublic
0%
thedominecanrepublic
0%
equetorialgiunea
0%
thecentralafricanrepublic
0%
theczechrepublic
0%
thedominacanrepublic
0%
theunitedarabemarates
0%

Score Distribution

Percentile by Number Answered

Percent of People with Each Score

Your Score History

You have not taken this quiz since the last reset